Robin hood /
Guardado en:
| Autor Principal: | |
|---|---|
| Otros Autores: | , , |
| Formato: | Libro |
| Publicado: |
Buenos Aires :
Cypres,
2013
|
| Materias: | |
| Etiquetas: |
Agregar Etiqueta
Sin Etiquetas, Sea el primero en etiquetar este registro!
|
| LEADER | 01183nam a22003015a 4500 | ||
|---|---|---|---|
| 001 | CEM.cems014298 | ||
| 005 | 20140410115227.0 | ||
| 008 | 130507s2013##################000#0#####d | ||
| 003 | CEMS | ||
| 020 | |a 9789871208449 | ||
| 082 | 0 | 4 | |a 823.2 |
| 100 | 1 | |a Anónimo | |
| 245 | 1 | 0 | |a Robin hood / |c Adaptado Por Aaron Shepard y Anne L. Watson ; ilustrado Por Jennifer Tanner |
| 260 | |a Buenos Aires : |b Cypres, |c 2013 | ||
| 300 | |a 72 p. | ||
| 505 | 0 | |a Robin Hood y sus hombres alegres son los héroes del Bosque de Sherwood. Robándole a los ricos y dándole a los pobres. Robin Hood y sus leales seguidores luchan por los oprimidos y dominados. Mientras se burlan del cruel Sheriff, Robin Hood y sus Hombres Alegres viven emocionantes aventuras. | |
| 653 | |a Literatura | ||
| 653 | |a Literatura inglesa | ||
| 653 | |a Literatura británica | ||
| 653 | |a Novelas | ||
| 653 | |a Comics | ||
| 653 | |a Novelas inglesas | ||
| 653 | |a Novelas de aventuras | ||
| 653 | |a Ministerio de educación-colección literaria | ||
| 700 | 1 | |a Shepard. Aaron, adap. | |
| 700 | 1 | |a Watson, Anne L., adap. | |
| 700 | 1 | |a Tanner, Jennifer, il. | |
| 859 | |a CEMS |b BIB. CEMS - 11 de abril |h 823.2 |i R552 |p 26889.14 |t Ej.1 | ||
